| 000 | 00475 a2200169 4500 | ||
|---|---|---|---|
| 003 | OSt | ||
| 005 | 20170105095818.0 | ||
| 008 | 160615b xxu||||| |||| 00| 0 eng d | ||
| 020 | _a0 | ||
| 040 | _c0 | ||
| 082 | _a341.297 ALI 1971 | ||
| 100 | _aDr. M. Basharat Ali | ||
| 245 |
_aLaws and Principles of Quranic Sociology _cDr. M. Basharat Ali |
||
| 260 |
_aKarachi, Pakistan _bThe Jamiyat ul Falah Publications _c1971 |
||
| 300 |
_a143 p. _bPB |
||
| 942 |
_cBK _k341.297 ALI _2ddc |
||
| 999 |
_c87 _d87 |
||